000 00979cab a2200253 4500
001 ABS58630
008 090401t1998 xxu||||| |||| 00| 0 eng d
035 _a(Sirsi) u85793
041 _aeng
100 _aMcCormack, G,
245 4 _aThe liability of trustees for gross negligence
260 _c1998
350 _a0
490 _aThe Conveyancer
_v(62) March/April 1998, 100-114(8)
520 _aQuestions whether clauses in a trust deed purporting to exempt trustees from liability for gross negligence are valid. Reviews the terminology, the case law, the analogy with exclusion clauses in contracts, the core trustee functions and concludes that exemption clauses should be subject to a strict construction by the courts.
650 _aEXEMPTION CLAUSES
650 _aLIABILITY
650 _aNEGLIGENCE
650 _aTRUST DEEDS
650 _aTRUSTEES
690 _aMANAGEMENT-BUSINESS MANAGEMENT-PROFESSIONAL PRACTICE
942 _n0
948 _c24/04/1998
999 _c53966
_d53966